A method to determine business load, (Record no. 17607)

MARC details
000 -LEADER
fixed length control field 00747cam a22002531 4500
001 - CONTROL NUMBER
control field ca 34001730
003 - CONTROL NUMBER IDENTIFIER
control field DLC
005 - DATE AND TIME OF LATEST TRANSACTION
control field 20260227111135.0
008 - FIXED-LENGTH DATA ELEMENTS--GENERAL INFORMATION
fixed length control field 850228s1934 caua 000 0 eng
010 ## - LIBRARY OF CONGRESS CONTROL NUMBER
LC control number ca 34001730
035 ## - SYSTEM CONTROL NUMBER
System control number (OCoLC)11749342
040 ## - CATALOGING SOURCE
Original cataloging agency DLC
Transcribing agency CSjU
Modifying agency CSjU
-- DLC
042 ## - AUTHENTICATION CODE
Authentication code premarc
050 00 - LIBRARY OF CONGRESS CALL NUMBER
Classification number HF5681.B85
Item number M6
082 ## - DEWEY DECIMAL CLASSIFICATION NUMBER
Classification number 657
100 1# - MAIN ENTRY--PERSONAL NAME
Personal name Moir, Harry S.
245 12 - TITLE STATEMENT
Title A method to determine business load,
Statement of responsibility, etc. by Harry S. Moir.
260 ## - PUBLICATION, DISTRIBUTION, ETC.
Place of publication, distribution, etc. Oakland, Calif.,
Name of publisher, distributor, etc. Broadside Service Company
Date of publication, distribution, etc. [c1934]
300 ## - PHYSICAL DESCRIPTION
Extent 2 p. l., a-f, 30, 30a, 31-43 numb. l., 29 l.
Other physical details fold. tab.
Dimensions 28 cm.
500 ## - GENERAL NOTE
General note Text mimeographed.
650 #0 - SUBJECT ADDED ENTRY--TOPICAL TERM
Topical term or geographic name entry element Business.
650 #0 - SUBJECT ADDED ENTRY--TOPICAL TERM
Topical term or geographic name entry element Accounting.
740 0# - ADDED ENTRY--UNCONTROLLED RELATED/ANALYTICAL TITLE
Uncontrolled related/analytical title Business load, A method to determine.

No items available.

Powered by Koha